STN EN 50207/Z1: 2007 (33 3550) [neplatná], Dráhové aplikácie. Elektronické výkonové meniče pre dráhové vozidlá. Zmena 1

Podrobná bibliografia
Médium: Kniha
Jazyk:slovenčina
angličtina
Fyzický popis:2 s. 30 cm
Vydavateľské údaje: Bratislava Slovenský ústav technickej normalizácie 2007
Predmet:

MARC

LEADER 00000cam a2200000 a 4500
001 vtls009836223
003 SK-MaSNL
005 20260301130506.0
008 090726s2007 xo f u 000 0 slo
015 |a SNBN2015 
020 |c (cen. skup. 3) 
035 |a (SVKBBclas03)vtls000298343 
040 |a SNK  |b slo  |c SNK  |e AACR2 
041 1 |a slo  |h eng 
044 |a xo  |c SK 
046 |a m  |m 200710 (účin.)  |n 200810 (zruš.) 
072 7 |a 621.3  |x Elektrotechnika  |2 konspekt 
080 |a 621.314  |2 2001 
080 |a 006.7/.8  |2 2001 
080 |a (437.6)  |2 2001 
080 |a (4)  |2 2001 
084 |a 29.200  |2 ICS 
084 |a 45.060.10  |2 ICS 
130 0 |a STN 33 3550 (STN EN 50207/Z1) [neplatná]  |9 478216 
245 1 0 |a STN EN 50207/Z1: 2007 (33 3550) [neplatná], Dráhové aplikácie. Elektronické výkonové meniče pre dráhové vozidlá. Zmena 1 
246 1 0 |a Dráhové aplikácie 
246 1 0 |a Elektronické výkonové meniče pre dráhové vozidlá 
246 3 0 |a EN 50207/Z1: 2007 E 
260 |a Bratislava  |b Slovenský ústav technickej normalizácie  |c 2007 
300 |a 2 s.  |c 30 cm 
500 |a [Norma je nahradená normou STN EN 61287-1 z októbra 2007] 
500 |a Spracovateľ: SÚTN, Bratislava 
540 |a STN vydané na akomkoľvek nosiči sa môžu rozmnožovať a rozširovať iba so súhlasom určenej právnickej osoby  |b SÚTN Bratislava  |c zákon 264/1999 Z.z. 
650 0 7 |a meniče (elektrotechnika)  |2 SNKPH  |9 78859 
650 0 7 |a technické normy a štandardy  |z Slovensko  |2 SNKPH  |9 79594 
650 0 7 |a technické normy a štandardy  |z krajiny Európskej únie  |2 SNKPH  |9 289341 
650 0 7 |a Electric current converters  |2 SNKPHeng  |9 145721 
655 7 |a normy  |2 SNKPH  |9 70643 
710 2 |a Slovenský ústav technickej normalizácie  |4 stn  |9 32706 
774 1 8 |t STN EN 50207: 2002  |d Bratislava : Slovenský ústav technickej normalizácie, 2002  |w vtls001449234 
958 |a OP 
999 |c 745235  |d 747165 
952 |a SNK  |b SNK  |y PREZ  |7 0  |p 17A1173643  |o snkSTN EN 50207/Z1  |i snk2015/30015  |8 0  |0 0  |1 0  |4 0  |d 2015-11-02  |l 0  |r 2026-02-23 23:13:56  |w 2026-02-23 
952 |a SNK  |b SNK  |y PREZ  |7 0  |p 17A1173644  |o snkSTN EN 50207/Z1 D1  |i snk2015/30016  |8 0  |0 0  |1 0  |4 0  |d 2015-11-02  |l 0  |r 2026-02-23 23:13:56  |w 2026-02-23